[Event "Dutch Open"]
[Site "Dieren"]
[Date "1999.07.24"]
[Round "5"]
[White "Rabinovich, Alexander"]
[Black "Rapoport, Evgeny"]
[Result "1-0"]
[WhiteElo "2413"]
[BlackElo "2267"]

1.d4 Nf6 2.c4 e6 3.Nc3 Bb4 4.f3 d5 5.a3 Bxc3+ 6.bxc3 b6 7.cxd5 exd5 8.e3 O-O
9.Bd3 Bb7 10.Ne2 Nbd7 11.O-O Re8 12.Ra2 c5 13.Ng3 Nf8 14.Re2 Ne6 15.Kh1 Qd7
16.e4 dxe4 17.fxe4 cxd4 18.Rxf6 gxf6 19.Nh5 Qe7 20.Rf2 f5 21.Rxf5 Kh8 22.cxd4 Ng7
23.d5 Nxf5 24.Bb2+ f6 25.Bxf6+ Ng7 26.Qg4 Bc8 27.Qg5 Qb7 28.Nxg7  1-0

[Event "Biel MTO"]
[Site "Biel"]
[Date "1999.07.25"]
[Round "6"]
[White "Volkov, Sergey"]
[Black "Rashkovsky, Nukhim N"]
[Result "1/2-1/2"]
[WhiteElo "2575"]
[BlackElo "2513"]

1.d4 Nf6 2.c4 e6 3.Nc3 Bb4 4.f3 d5 5.a3 Bxc3+ 6.bxc3 c6 7.e4 dxe4 8.fxe4 e5
9.Nf3 Qa5 10.Qd3 exd4 11.Bd2 dxc3 12.Bxc3 Qd8 13.Qxd8+ Kxd8 14.O-O-O+  1/2-1/2

[Event "Brasilia Cup 3th"]
[Site "Brasilia"]
[Date "1999.08.25"]
[Round "9"]
[White "Lima, Darcy"]
[Black "De Andrade, Waldomido"]
[Result "1-0"]
[WhiteElo "2488"]
[BlackElo "2232"]

1.d4 Nf6 2.c4 e6 3.Nc3 Bb4 4.f3 d5 5.a3 Bxc3+ 6.bxc3 O-O 7.e3 Nc6 8.cxd5 exd5
9.Bd3 Re8 10.Ne2 Na5 11.O-O c5 12.Ng3 h5 13.Ra2 h4 14.Nh1 Bd7 15.Nf2 Bc6
16.Re2 Qb6 17.Rb2 Qc7 18.Re1 Rad8 19.Rbe2 Qb6 20.Bb2 cxd4 21.cxd4 Bb5 22.e4 Bxd3
23.Qxd3 dxe4 24.fxe4 Nc6 25.Rd1 Ne5 26.Qh3 Ng6 27.Qf3 Ne5 28.Qf4 h3 29.Nxh3 Qb5
30.Qf1 Neg4 31.Rde1 Qh5 32.Qf3 Qh4 33.e5  1-0

[Event "Abu Dhabi Masters op"]
[Site "Abu Dhabi"]
[Date "1999.08.27"]
[Round "6"]
[White "Bagirov, Rufat"]
[Black "Maherramzade, Javad"]
[Result "1/2-1/2"]
[WhiteElo "2471"]
[BlackElo "2422"]

1.d4 Nf6 2.c4 e6 3.Nc3 Bb4 4.f3 d5 5.a3 Be7 6.e4 dxe4 7.fxe4 e5 8.d5 Bc5
9.Nf3 Bg4 10.h3 Bxf3 11.Qxf3 Nbd7 12.Bd3 a5 13.Bd2 O-O 14.g4 Bd4 15.O-O-O Nc5
16.Bc2 Ne8 17.Nb5 Nd6 18.Nxd4 exd4 19.Bf4 Nxc4 20.Rxd4 b5 21.e5 a4 22.Qc3 Qe7
23.Rdd1 Rfe8 24.Rhe1 Rad8 25.Kb1 Qh4 26.Ka2 Nb3 27.Bxb3 axb3+ 28.Qxb3 Qf2
29.Rf1 Qg2 30.e6 fxe6 31.dxe6 Ra8 32.Ka1 Rxe6 33.Bc1 c6 34.Qc3 Rae8 35.Rf5 h6
36.Rdf1 Nd6 37.R5f2 Qe4 38.Rf4 Qd5 39.Rd4 Qg2 40.Rfd1 Ne4 41.Qb3 Nc5 42.Qc3 Ne4
43.Qb3 Nc5 44.Qc3  1/2-1/2

[Event "EU-ch U14 Girls"]
[Site "Litohoto"]
[Date "1999.09.03"]
[Round "1"]
[White "Motoc, Alina"]
[Black "Kursova, Maria"]
[Result "1-0"]
[WhiteElo "2089"]
[BlackElo "2042"]

1.d4 Nf6 2.c4 e6 3.Nc3 Bb4 4.f3 d5 5.a3 Be7 6.e4 dxe4 7.fxe4 c5 8.d5 exd5
9.cxd5 O-O 10.Nf3 Ng4 11.Be2 Bf6 12.O-O c4 13.Nd4 h5 14.h3 Qb6 15.hxg4 Qxd4+
16.Qxd4 Bxd4+ 17.Kh1 Bxg4 18.Bxc4 Bxc3 19.bxc3 Rc8 20.Ba2 Rxc3 21.d6 Be6
22.Bxe6 fxe6 23.Bb2 Rc6 24.Rac1 Nd7 25.Rxc6 bxc6 26.Rc1 c5 27.e5 Rb8 28.Bc3 Kh7
29.Rf1 Kg6 30.a4 Rb3 31.Rf3 a6 32.Kg1 c4 33.a5 Nc5 34.Kf1 h4 35.Ke2 Kh5 36.Kd2 g5
37.Kc2 Kg6 38.Rf8 g4 39.Rf4 Kh5 40.Rxc4 Rb5 41.Bd4 Nd7 42.Rc8 g3 43.Rd8 Rb7
44.Kd3 Nb8 45.Bb6 Nc6 46.Rh8+ Kg5 47.Ke4 Rf7 48.Be3+ Kg4 49.Rg8+ Kh5 50.Rg5+ Kh6
51.Rxg3+ Kh7 52.Rg4 Nxa5 53.Rxh4+ Kg7 54.Rg4+ Kh7 55.Bg5 Nb3 56.Bf6 a5 57.Rh4+ Kg6
58.g4 Nc5+ 59.Kd4 Nd7 60.g5 Nxf6 61.gxf6 Kf5 62.Rh5+ Kf4 63.Rh8 Rb7 64.Re8  1-0

[Event "CRO-chT"]
[Site "Pula"]
[Date "1999.09.11"]
[Round "3"]
[White "Shariyazdanov, Andrey"]
[Black "Brumen, Dinko"]
[Result "1-0"]
[WhiteElo "2588"]
[BlackElo "2360"]

1.d4 Nf6 2.c4 e6 3.Nc3 Bb4 4.f3 d5 5.a3 Bxc3+ 6.bxc3 c5 7.cxd5 exd5 8.e3 O-O
9.Bd3 b6 10.Ne2 Ba6 11.Bxa6 Nxa6 12.O-O Re8 13.Qd3 c4 14.Qc2 Nb8 15.Ng3 Nc6
16.Bd2 Na5 17.e4 Nb3 18.Rae1 b5 19.e5 Nd7 20.f4 a5 21.Nf5 b4 22.cxb4 Nxd2
23.Qxd2 axb4 24.axb4 Qb6 25.Ra1 Rab8 26.Ne3 Qc6 27.Ra5 Rb5 28.Rxb5 Qxb5 29.Ra1 Nb6
30.Ra5 Qc6 31.Qc3 Ra8 32.Nxd5  1-0

[Event "Artek olJ"]
[Site "Artek"]
[Date "1999.09.19"]
[Round "8"]
[White "Utnasunov, Alexander"]
[Black "Gordin, Artiom"]
[Result "1-0"]
[WhiteElo "2175"]
[BlackElo "2169"]

1.d4 Nf6 2.c4 e6 3.Nc3 Bb4 4.f3 c5 5.d5 d6 6.e4 O-O 7.Bd3 Qe7 8.Ne2 Nbd7
9.O-O Ne5 10.Bg5 h6 11.Bh4 Bxc3 12.Nxc3 Nxd3 13.Qxd3 g5 14.Bg3 e5 15.Nd1 Nh5
16.Ne3 Ng7 17.Qe2 f5 18.exf5 Bxf5 19.Nxf5 Nxf5 20.a3 b6 21.b4 Qh7 22.Bf2 h5
23.Qd2 Qg6 24.bxc5 bxc5 25.Rab1 Rf7 26.Rb3 g4 27.fxg4 Qxg4 28.Qc2 Nd4 29.Bxd4 Qxd4+
30.Rf2 e4 31.Rg3+ Kh8 32.Qe2 Rf5 33.Rh3 Qa1+ 34.Rf1 Qd4+ 35.Kh1 Rxf1+ 36.Qxf1 Rb8
37.Rxh5+ Kg7 38.h3 Rb2 39.Rg5+ Kh6 40.Rg4 Rf2 41.Qc1+ Rd2 42.Rxe4 Qxe4 43.Qxd2+ Kg6
44.Qc3 Qb1+ 45.Kh2 Qf1 46.Qg3+ Kh7 47.Qxd6 Qxc4 48.Qe7+ Kg8 49.Qe8+ Kh7 50.Qe5 Qd3
51.d6 Qd2 52.Qf5+ Kg7 53.Qxc5 Qf4+ 54.Kg1 Qe4 55.Qg5+ Kh7 56.Qe7+  1-0

[Event "Asia-chT"]
[Site "Shenyang"]
[Date "1999.10.10"]
[Round "1"]
[White "Vladimirov, Evgeny"]
[Black "Sharavdorj, Dashzeveg"]
[Result "1-0"]
[WhiteElo "2598"]
[BlackElo "2505"]

1.d4 Nf6 2.c4 e6 3.Nc3 Bb4 4.f3 d5 5.a3 Bxc3+ 6.bxc3 c5 7.cxd5 Nxd5 8.dxc5 Qa5
9.e4 Ne7 10.Ne2 e5 11.a4 O-O 12.Ba3 Nbc6 13.Qc2 Be6 14.Kf2 f5 15.Ng3 f4 16.Ne2 Rad8
17.Nc1 Rd7 18.Bb5 Qd8 19.Nb3 a6 20.Be2 Nc8 21.Rhd1 Qh4+ 22.Kg1 Rdf7 23.Nd2 g5
24.Bc4 Bxc4 25.Nxc4 g4 26.Nd6 Nxd6 27.cxd6 Kh8 28.Rd3 Rg8 29.fxg4 Qxg4 30.h3 Qh5
31.Kh2 f3 32.Rg1 Qg5 33.Qf2 Qf4+ 34.g3 Qxe4 35.Re3 Qf5 36.c4 Rf6 37.h4 Rg4
38.Rf1 Nd4 39.Bb2 Rxd6 40.Bxd4 exd4 41.Rxf3 Qe6 42.Rf8+ Rg8 43.Qf4 Qe7 44.Rf7 Qe6
45.Rxb7 d3 46.c5 Rd5 47.Re1 Qg6 48.Ree7 Rgd8 49.c6 d2 50.c7 Rg8 51.Rxh7+ Qxh7
52.Qf6+  1-0

[Event "Chigorin mem"]
[Site "St Petersburg"]
[Date "1999.11.03"]
[Round "2"]
[White "Volkov, Sergey"]
[Black "Tunik, Gennady"]
[Result "1-0"]
[WhiteElo "2575"]
[BlackElo "2447"]

1.d4 Nf6 2.c4 e6 3.Nc3 Bb4 4.f3 d5 5.a3 Bxc3+ 6.bxc3 c5 7.cxd5 Nxd5 8.dxc5 Qa5
9.e4 Nf6 10.Be3 O-O 11.Kf2 b6 12.cxb6 axb6 13.Ne2 Nbd7 14.c4 Ba6 15.Nd4 Rfc8
16.Qb3 Qe5 17.Be2 Bb7 18.Rad1 Nc5 19.Qxb6 Ncxe4+ 20.fxe4 Nxe4+ 21.Ke1 Nc3
22.Rd3 Bxg2 23.Nf3 Qh5 24.Rg1 Rab8 25.Rxg2 Rxb6 26.Bxb6 Nxe2 27.Kxe2 h6 28.Bd4 g6
29.c5 Qd5 30.Ke3 e5 31.Bxe5 Qxc5+ 32.Bd4 Re8+ 33.Kf2 Qc2+ 34.Rd2 Qb3 35.Bb2 g5
36.Rg3 Qe3+ 37.Kg2 f5 38.Rf2 Qe4 39.h3 g4 40.Kh2 h5 41.hxg4 hxg4 42.Nh4 Rf8
43.Ng2 Rf7 44.Re3 Rh7+ 45.Kg1 Qb1+ 46.Re1 Qd3 47.Re8+ Kf7 48.Re3 Qd1+ 49.Re1 Qd3
50.Re5 Qb1+ 51.Ne1 Rh5 52.Rfe2 Rh6 53.Re7+ Kg8 54.Rb7  1-0

[Event "Chigorin mem"]
[Site "St Petersburg"]
[Date "1999.11.05"]
[Round "4"]
[White "Simantsev, Mikhail"]
[Black "Aseev, Konstantin N"]
[Result "1/2-1/2"]
[WhiteElo "2409"]
[BlackElo "2533"]

1.d4 Nf6 2.c4 e6 3.Nc3 Bb4 4.f3 d5 5.a3 Bxc3+ 6.bxc3 c5 7.cxd5 Nxd5 8.dxc5 Qa5
9.e4 Nf6 10.Be3 O-O 11.Qb3 Nfd7 12.Nh3 Qc7 13.Qb4 Nc6 14.Qb2 Na5 15.Qb4 Nc6
16.Qb2 Nce5 17.Qb4 b6 18.cxb6 axb6 19.Nf2 Ra4 20.Qb3 Ba6 21.Bxa6 Rxa6 22.O-O Rc8
23.Rfd1 h6 24.Nd3 Nxd3 25.Rxd3 Ne5 26.Rdd1 Nc4 27.Bf2 Rca8 28.Qb4 Ra4 29.Qb3 Qc6
30.h3 Rxa3 31.Rxa3 Rxa3 32.Qb4 Ra8 33.Qe7 Re8 34.Rd8 Rxd8 35.Qxd8+ Kh7 36.Qe7  1/2-1/2

[Event "Chigorin mem"]
[Site "St Petersburg"]
[Date "1999.11.10"]
[Round "9"]
[White "Simantsev, Mikhail"]
[Black "Yemelin, Vasily"]
[Result "0-1"]
[WhiteElo "2409"]
[BlackElo "2500"]

1.d4 Nf6 2.c4 e6 3.Nc3 Bb4 4.f3 c5 5.d5 Bxc3+ 6.bxc3 Qa5 7.Bd2 d6 8.e4 Nbd7
9.Ne2 Ne5 10.Ng3 Bd7 11.a4 h5 12.h4 O-O-O 13.Be2 Ng6 14.Kf2 Kb8 15.Qb3 Ka8
16.Ra2 Rb8 17.Be3 Qd8 18.Rd2 e5 19.Bg5 Nf8 20.Bd3 N8h7 21.Be3 g6 22.Ra2 Qa5
23.Qc2 Rhf8 24.Raa1 Ng8 25.Bd2 Ne7 26.Bh6 Rg8 27.Rhf1 Qd8 28.Rh1 Qc8 29.Bd2 f5
30.exf5 gxf5 31.Nxh5 Qe8 32.Bg5 Qxh5 33.Bxe7 Qg6 34.Rag1 e4 35.Be2 e3+ 36.Kf1 Qg3
37.Bd3 Rbe8 38.Bg5 Bxa4 39.Qb2 Bd1 40.Rh3 e2+ 41.Bxe2 Rxe2 42.Rxg3 Rxb2 43.Bf4 Be2+  0-1

[Event "71st ch-GER"]
[Site "Altenkirchen GER"]
[Date "1999.11.19"]
[Round "8"]
[White "Janz,F"]
[Black "Riediger,M"]
[Result "1-0"]
[WhiteElo "2284"]
[BlackElo "2230"]

1.d4 Nf6 2.c4 e6 3.Nc3 Bb4 4.f3 c5 5.d5 d6 6.e4 O-O 7.Bd3 Nbd7 8.Ne2 Ne5
9.O-O exd5 10.cxd5 Bd7 11.Bc2 c4 12.Be3 Rc8 13.h3 Re8 14.Ng3 Bc5 15.Bxc5 Rxc5
16.f4 Ng6 17.Qd4 Qa5 18.Rae1 Qc7 19.Kh2 b6 20.a3 Qd8 21.Re3 Qb8 22.e5 dxe5
23.fxe5 Nxe5 24.Rxf6 gxf6 25.Nce4 Qd8 26.Nh5  1-0

[Event "Masters"]
[Site "Kilkenny IRL"]
[Date "1999.11.28"]
[Round "6"]
[White "Cafolla,P"]
[Black "McMahon,D"]
[Result "1/2-1/2"]
[WhiteElo "2108"]
[BlackElo "2230"]

1.d4 Nf6 2.c4 e6 3.Nc3 Bb4 4.f3 c5 5.d5 Nh5 6.Nh3 Qh4+ 7.Nf2 Qxc4 8.e4 Bxc3+
9.bxc3 Qxc3+ 10.Bd2 Qf6 11.g4 Nf4 12.Qc1 g5 13.h4 h6 14.hxg5 hxg5 15.Rxh8+ Qxh8
16.Bxf4  1/2-1/2

[Event "Eu Team Ch"]
[Site "Batumi GEO"]
[Date "1999.12.02"]
[Round "4"]
[White "Volkov,S"]
[Black "Romanishin,O"]
[Result "1-0"]
[WhiteElo "2575"]
[BlackElo "2567"]

1.d4 Nf6 2.c4 e6 3.Nc3 Bb4 4.f3 d5 5.a3 Bxc3+ 6.bxc3 Nbd7 7.cxd5 exd5 8.e3 O-O
9.Bd3 Nb6 10.Ne2 Bd7 11.a4 a5 12.O-O Bc6 13.Ng3 Re8 14.Re1 Qd7 15.Bf5 Qd8
16.Bc2 Nfd7 17.e4 Nf8 18.e5 g6 19.f4 f5 20.Nxf5 gxf5 21.Bxf5 Nc4 22.Bc2 Bd7
23.f5 Ra6 24.Qf3 Bc8 25.Qg3+ Kh8 26.Bg5 Qd7 27.e6  1-0

[Event "Eu Team Ch"]
[Site "Batumi GEO"]
[Date "1999.12.04"]
[Round "5"]
[White "Volkov,S"]
[Black "Dautov,R"]
[Result "1/2-1/2"]
[WhiteElo "2575"]
[BlackElo "2597"]

1.d4 Nf6 2.c4 e6 3.Nc3 Bb4 4.f3 d5 5.a3 Bxc3+ 6.bxc3 c6 7.e4 dxe4 8.fxe4 e5
9.Nf3 Qa5 10.Qd3 exd4 11.Bd2 dxc3 12.Bxc3 Qd8 13.Qxd8+ Kxd8 14.O-O-O+ Ke7
15.Bb4+ Ke8 16.Bd3 Na6 17.Bd6 Nd7 18.Rhe1 Ndc5 19.Bc2 Be6 20.Nd4 Bxc4 21.Nf5 Ne6
22.a4 b5 23.axb5 cxb5 24.e5 Nac5 25.Kb2 a5 26.Ne3 h5 27.Nxc4 bxc4 28.Kc3 Rc8
29.Rd5 h4 30.Ra1 a4 31.Rxa4 Nxa4+ 32.Bxa4+ Kd8 33.Bc5+ Kc7 34.Rd7+ Kb8 35.Bd6+ Ka8
36.Rxf7 Ng5 37.Rf4 h3 38.g3 Ne6 39.Rf1 Nc5 40.Bc2 Rhd8 41.Rf7 g5 42.Rg7 Nd3
43.Rxg5 Kb7 44.Rh5 Rh8 45.Rf5 Kb6 46.Rf6 Nc5 47.g4 Rhg8 48.Bf5 Rc6 49.Rh6 Nb7
50.Bd7 Nxd6 51.Bxc6 Kxc6 52.Rxd6+ Kc5 53.Rd4 Rf8 54.Re4 Kd5 55.Re3 Ra8 56.Kb2 Rg8
57.e6 Kd6 58.e7 Kd7 59.Kc3 Ke8 60.Re4 Rg6 61.Kxc4 Rd6 62.Rd4 Rf6 63.Kd5 Rf2
64.Ke6 Rf6+ 65.Ke5 Rf2 66.g5 Kxe7 67.Rh4 Rxh2 68.Kf5 Kf7 69.Ke4  1/2-1/2

[Event "Eu Team Ch"]
[Site "Batumi GEO"]
[Date "1999.12.07"]
[Round "9"]
[White "Volkov,S"]
[Black "Macieja,B"]
[Result "1-0"]
[WhiteElo "2575"]
[BlackElo "2542"]

1.d4 Nf6 2.c4 e6 3.Nc3 Bb4 4.f3 d5 5.a3 Bxc3+ 6.bxc3 c5 7.cxd5 Nxd5 8.dxc5 Qa5
9.e4 Nf6 10.Be3 O-O 11.Kf2 Nc6 12.Qb3 Qc7 13.Ne2 e5 14.Rb1 Na5 15.Qb4 Be6
16.Ng3 Rfc8 17.Bb5 Rab8 18.Rhd1 a6 19.Be2 Nd7 20.Nf5 Nxc5 21.Nd6 h6 22.c4 Kh7
23.Nxc8 Rxc8 24.Bd2 b6 25.Be3 Nd7 26.Bxb6 Nxb6 27.Qxb6 Qxb6+ 28.Rxb6 Nxc4
29.Rxa6 Nb2 30.Rd2 Rb8 31.Ra5 Bc4 32.Rc5 Bxe2 33.Kxe2  1-0

[Event "Open"]
[Site "Zadar CRO"]
[Date "1999.12.15"]
[Round "3"]
[White "Bozinovic,Bog"]
[Black "Shariyazdanov,A"]
[Result "0-1"]
[WhiteElo "2288"]
[BlackElo "2588"]

1.d4 Nf6 2.c4 e6 3.Nc3 Bb4 4.f3 d5 5.a3 Bxc3+ 6.bxc3 c6 7.e3 b6 8.cxd5 cxd5
9.Bb5+ Bd7 10.Bd3 Nc6 11.Ne2 e5 12.Ng3 O-O 13.O-O Re8 14.e4 exd4 15.cxd4 dxe4
16.Bxe4 Nxe4 17.fxe4 Bg4 18.Qxg4 Qxd4+ 19.Kh1 Qxa1 20.Bh6 f5 21.Qxf5 Qf6
22.Qxf6 gxf6 23.Rxf6 Ne5 24.h3 Rac8 25.Nf5 Nf7 26.Bd2 Rc2 27.Bb4 a5 28.Be7 Rc7
29.Re6 b5 30.g4 b4 31.axb4 axb4 32.g5 b3 33.g6 b2 34.gxf7+ Kxf7 35.Rf6+ Kg8
36.Nh6+ Kg7 37.Nf5+ Kh8 38.Rb6 Rc1+ 39.Kg2 b1=Q 40.Rxb1 Rxb1 41.h4 Rb3 42.h5 Ra8
43.Ng3 Kg7 44.Kh3 Re8 45.Bd6 Rxe4 46.Bc7 Ra4 47.Bd6 Kf6 48.Bc7 Kg5 49.Bd8+ Kf4
50.Bc7+ Kf3 51.Bd6 Rb5 52.Bc7  0-1

[Event "Young Masters"]
[Site "Groningen NED"]
[Date "1999.12.26"]
[Round "7"]
[White "Ovod,E"]
[Black "Matnadze,A"]
[Result "1/2-1/2"]
[WhiteElo "2303"]
[BlackElo "2280"]

1.d4 Nf6 2.c4 e6 3.Nc3 Bb4 4.f3 c5 5.d5 Nh5 6.Nh3 Qh4+ 7.Nf2 Qxc4 8.e4 Bxc3+
9.bxc3 Qxc3+ 10.Bd2 Qd4 11.Qc1 exd5 12.Bc3 Qa4 13.Qg5 d4 14.Qxc5 Qc6 15.Qxd4 O-O
16.g4 Nf6 17.Rb1 Qc7 18.Qd2 Ne8 19.Rb5 Nc6 20.Rh5 d6 21.f4 Qe7 22.Bd3 g6
23.Rg1 Ng7 24.Rh3 f5 25.Kd1 fxe4 26.Bxe4 d5 27.Bxd5+ Be6 28.Re1 Rfd8 29.Rd3 Qf7
30.Rxe6 Rxd5 31.Rxd5 Nxe6 32.f5 Rd8 33.Rxd8+ Nexd8 34.Ne4 gxf5 35.Nf6+ Kf8
36.gxf5 Ke7 37.Qd7+ Kf8 38.Nxh7+ Kg8 39.Nf6+ Kf8 40.Qd2 Qc4 41.Qh6+ Ke7 42.Qe3+ Kd6
43.Ne4+ Kc7 44.f6 Qxa2 45.Qf4+ Kb6 46.Qf2+ Qxf2 47.Nxf2 Kc7 48.h4 Kd7 49.Ne4 Nf7
50.Ke2 Ke6 51.Ng5+ Nxg5 52.hxg5 Kf7 53.Kf3 Kg6 54.Ke4 Nd8 55.Bd2 Nf7 56.Kd5 Kf5
57.Bc1 Kg6 58.Ke6 a5 59.Kd5 a4 60.Kc4 b5+ 61.Kxb5 a3 62.Bxa3 Nxg5 63.Bb2 Ne4
64.Kc6  1/2-1/2

[Event "It A"]
[Site "Paretana ESP"]
[Date "1999.12.27"]
[Round "1"]
[White "Moskalenko,V"]
[Black "Vehi Bach,V"]
[Result "1/2-1/2"]
[WhiteElo "2471"]
[BlackElo "2389"]

1.d4 Nf6 2.c4 e6 3.Nc3 Bb4 4.f3 d5 5.a3 Bxc3+ 6.bxc3 c6 7.Qc2 dxc4 8.e4 b5
9.a4 Nbd7 10.Ba3 Qc7 11.Ne2 a6 12.e5 Nd5 13.Bd6 Qd8 14.Ng3 Qg5 15.Qd2 Qxd2+
16.Kxd2 f5 17.exf6 gxf6 18.Be2 Bb7 19.Ne4 Rg8 20.Bg3 Ke7 21.Rhb1 c5 22.Bxc4 cxd4
23.cxd4 N7b6 24.Bd3 Bc6 25.Rc1 Bd7 26.Nc5 Nxa4 27.Nxa4 bxa4 28.Bxh7 Rgc8
29.Rc5 Rxc5 30.dxc5 e5 31.Be4 Bc6 32.Bxd5 Bxd5 33.Rxa4 Bc6 34.Ra5 Rd8+ 35.Kc2 Bb5
36.Ra3 Ke6 37.Bf2 f5 38.Rc3 Bc6 39.Ra3 Bb5 40.Rc3 Bc6 41.Re3 f4 42.Ra3 Bb5
43.g3 Rh8 44.h4 fxg3 45.Bxg3 Rg8 46.Be1 Kd5 47.Re3 Rg2+ 48.Kd1 Ba4+ 49.Kc1 Bb5
50.h5 Rg1 51.Kb2 Rh1 52.Bc3 Rxh5 53.Ka3  1/2-1/2

[Event "It A"]
[Site "Paretana ESP"]
[Date "1999.12.29"]
[Round "3"]
[White "Moskalenko,V"]
[Black "Lopez Martinez,J"]
[Result "1-0"]
[WhiteElo "2471"]
[BlackElo "2378"]

1.d4 Nf6 2.c4 e6 3.Nc3 Bb4 4.f3 d5 5.a3 Bxc3+ 6.bxc3 O-O 7.cxd5 exd5 8.e3 Bf5
9.Ne2 c5 10.g4 Bd7 11.Bg2 Bc6 12.O-O Nbd7 13.Ng3 Nb6 14.dxc5 Na4 15.Qd4 Qa5
16.g5 Ne8 17.Nf5 Qxc5 18.Qxc5 Nxc5 19.a4 Nc7 20.Ba3 N7a6 21.Ne7+ Kh8 22.c4 Bxa4
23.cxd5 Rfe8 24.d6 Rad8 25.Bb2 Rxd6 26.Bxg7+ Kxg7 27.Nf5+ Kg6 28.Nxd6 Rxe3
29.f4 b6 30.h4 Bb3 31.f5+ Kh5 32.Rf4 Rg3 33.Ne8  1-0

[Event "Alushta3"]
[Site "Alushta"]
[Date "1999.??.??"]
[Round "?"]
[White "Moskalenko, Viktor"]
[Black "Rogovski, Vladimir"]
[Result "1-0"]
[WhiteElo "2469"]
[BlackElo "2455"]

1.d4 Nf6 2.c4 e6 3.Nc3 Bb4 4.f3 Nc6 5.a3 Bxc3+ 6.bxc3 d6 7.e4 h6 8.Bd3 e5
9.Ne2 Nh5 10.Be3 Qh4+ 11.g3 Qh3 12.Kf2 O-O 13.Ng1 Qd7 14.g4 Nf6 15.Ne2 Na5
16.Ng3 exd4 17.cxd4 c5 18.d5 Qe7 19.Bd2 b6 20.Bc3 Nh7 21.h4 Re8 22.Qe2 Nf8
23.Nh5 f6 24.g5 Qf7 25.Nxg7 Kxg7 26.gxf6+ Kh8 27.Qd2 Qh5 28.f7+ Re5 29.Qf4 Kh7
30.Rag1 Ba6 31.Qf6 Ng6 32.Bxe5 dxe5 33.Rxg6 Qxg6 34.f8=N+ Rxf8 35.Qxf8 Qg7
36.Qf5+ Kh8 37.Rg1 Qe7 38.Qh5 Kh7 39.Qg6+  1-0

[Event "Alushta zt (Women)"]
[Site "Alushta"]
[Date "1999.??.??"]
[Round "?"]
[White "Baklanova, Tatiana"]
[Black "Litinskaya, Marta I"]
[Result "1/2-1/2"]
[WhiteElo "2259"]
[BlackElo "2383"]

1.d4 Nf6 2.c4 e6 3.Nc3 Bb4 4.f3 c5 5.d5 Bxc3+ 6.bxc3 Qa5 7.Bd2 d6 8.e4 Nbd7
9.Nh3 Ne5 10.Nf2 Bd7 11.f4 Ng6 12.Bd3 O-O 13.O-O Ba4 14.Qf3 exd5 15.cxd5 b5
16.Rae1 c4 17.Bb1 Rad8 18.g4 Qc7 19.g5 Nd7 20.Qh5 Rfe8 21.e5 dxe5 22.f5 Nf4
23.Bxf4 exf4 24.f6 Nf8 25.fxg7 Kxg7 26.Qh6+ Kg8 27.Ne4 Rxe4 28.Bxe4 b4 29.cxb4 c3
30.Qf6 Ng6 31.Rc1 c2 32.Bxc2 Rd6 33.Qb2 Qb6+ 34.Kh1 Bb5 35.Rfe1 Qf2 36.Qc3 Rxd5
37.Bxg6 hxg6 38.Qc8+ Kg7 39.Qc3+ Qd4 40.Qxd4+ Rxd4 41.Kg2 Rxb4 42.Kf3 Ra4
43.Re4 Rxa2 44.h4 Ra3+ 45.Kxf4 Rh3 46.Ke5 a5 47.Kd6 a4 48.Kc5 Bd7 49.Rd4 Be8
50.Rd8 Re3 51.Kd4 Re6 52.Rcc8 Kf8 53.Ra8 Re1 54.Rdb8 Rd1+ 55.Kc3 Re1 56.Rxa4 Ke7
57.Rb7+ Kf8 58.Ra8 Re6 59.Rbb8 Re1 60.Kd2 Re6 61.Rd8 Re7 62.Rd3 Kg7 63.Re3 Rxe3
64.Kxe3 Bd7 65.Kf4 Be6 66.Ke5 Bb3 67.Ra7 Be6 68.Ra6 Bc4 69.Rb6 Ba2 70.Rb4 Be6
71.Kd6 Ba2 72.Ke7 Be6 73.Rb2 Bc4 74.Rh2 Bb3 75.Rf2 Bc4 76.Rf6 Bb3 77.Rc6 Bd5
78.Rb6 Ba2 79.Rb4 Be6 80.Rb6 Ba2  1/2-1/2

[Event "Cataluna Club op"]
[Site "ESP"]
[Date "1999.??.??"]
[Round "?"]
[White "Serrano Aspa, Pedro"]
[Black "Gonzalez Esteban, German"]
[Result "0-1"]
[WhiteElo "2035"]
[BlackElo "2190"]

1.d4 Nf6 2.c4 e6 3.Nc3 Bb4 4.f3 d5 5.a3 Bxc3+ 6.bxc3 c5 7.e3 O-O 8.Bd3 Nc6
9.Ne2 Qc7 10.O-O dxc4 11.Bxc4 Rd8 12.Ba2 b6 13.Qd3 Ne5 14.Qc2 Nc6 15.Qd3 a5
16.Rd1 Ba6 17.Qc2 cxd4 18.exd4 Nd5 19.c4 Nce7 20.Qb3 Rac8 21.cxd5 Bxe2 22.Re1 Bc4
23.Qb2 Bxa2 24.Rxa2 Nxd5 25.Bg5 Rd7 26.Rc1 Qb7 27.Raa1 Rdc7 28.Qb5 Rxc1+
29.Rxc1 Rxc1+ 30.Bxc1 Qc8 31.Bd2 h6 32.Qa4 Kh7 33.f4 Qc7 34.f5 exf5 35.Qb3 Qd7
36.Qd3 Qe6 37.g4 Qe4  0-1

[Event "Oberliga Ost B9899"]
[Site "GER"]
[Date "1999.??.??"]
[Round "?"]
[White "Roeschlau, Bernd"]
[Black "Ballo, Emanuel"]
[Result "1-0"]
[WhiteElo "2290"]
[BlackElo "2200"]

1.d4 Nf6 2.c4 e6 3.Nc3 Bb4 4.f3 c5 5.d5 Bxc3+ 6.bxc3 d6 7.e4 e5 8.Bd3 Nbd7
9.Ne2 Qe7 10.h4 h5 11.Bg5 Qf8 12.Qa4 Ng8 13.Rb1 f6 14.Be3 Nh6 15.Nc1 Kd8
16.Nb3 Kc7 17.Rb2 Nf7 18.Na5 Nb6 19.Qa3 Qe7 20.Kd2 g5 21.Rhb1 gxh4 22.Nc6 bxc6
23.Rxb6 axb6 24.Qxa8 Nd8 25.Qa7+ Bb7 26.Rxb6 cxd5 27.cxd5 Qg7 28.Ba6 Qxg2+
29.Kd3 c4+ 30.Kxc4 Qxa2+ 31.Kd3 Rf8 32.Rxb7+ Nxb7 33.Qxb7+ Kd8 34.Bb6+  1-0

[Event "GER-ch 11th Seniors"]
[Site "Germany"]
[Date "1999.??.??"]
[Round "?"]
[White "Herzel, Alois"]
[Black "Brandenberg, Karl Heinz"]
[Result "0-1"]
[WhiteElo "1900"]
[BlackElo "2190"]

1.d4 Nf6 2.c4 e6 3.Nc3 Bb4 4.f3 d5 5.a3 Be7 6.e3 O-O 7.Bd3 c5 8.Nge2 Nc6
9.cxd5 exd5 10.O-O Re8 11.Kh1 b6 12.Bb5 Bb7 13.dxc5 bxc5 14.Qa4 Qb6 15.Nf4 a6
16.Be2 Rad8 17.Qc2 Na5 18.Bd2 c4 19.Na4 Qb3 20.Rac1 Qxc2 21.Rxc2 Nb3 22.Rd1 Bc6
23.Nc3 Bc5 24.e4 dxe4 25.fxe4 Nxd2 26.Rcxd2 Rxd2 27.Rxd2 Nxe4 28.Nxe4 Bxe4
29.Rd7 Bd3 30.Nxd3 Rxe2 31.Rd8+ Bf8 32.Kg1 cxd3 33.b4 d2  0-1

[Event "SWZ-ch"]
[Site "Graechen"]
[Date "1999.??.??"]
[Round "?"]
[White "Hochstrasser, Michael"]
[Black "Landenbergue, Claude"]
[Result "1/2-1/2"]
[WhiteElo "2333"]
[BlackElo "2420"]

1.d4 Nf6 2.c4 e6 3.Nc3 Bb4 4.f3 d5 5.a3 Bxc3+ 6.bxc3 c5 7.e3 O-O 8.cxd5 exd5
9.Bd3 b6 10.Ne2 Ba6 11.O-O Re8 12.Ng3 Bxd3 13.Qxd3 Nc6 14.Ra2 Qd7 15.Re2 Rad8
16.Bb2 b5 17.Kh1 a6 18.e4 dxe4 19.fxe4 cxd4 20.cxd4 Nxd4 21.Ref2 Ne6 22.Qe2 Qd3
23.Bxf6 Qxe2 24.Rxe2 gxf6 25.Nh5 Re7 26.Nxf6+ Kh8 27.Re3 Rc7 28.Rh3 Nf8 29.Rg3 Ne6
30.Rh3 Nf8 31.Rg3 Ne6 32.h3 Rc5 33.Nd5 Rf8 34.Rf6 Rg8 35.Rgf3 Ng5 36.R3f4 Nxe4
37.Rxe4 Rxd5 38.Re2 Kg7 39.Rxa6  1/2-1/2

[Event "Gyongyos op"]
[Site "Gyongyos"]
[Date "1999.??.??"]
[Round "2"]
[White "Kovacs, Tamas"]
[Black "Vajda, Albert"]
[Result "1/2-1/2"]
[WhiteElo "2160"]
[BlackElo "2355"]

1.d4 Nf6 2.c4 e6 3.Nc3 Bb4 4.f3 d5 5.Bg5 c6 6.a3 Bxc3+ 7.bxc3 h6 8.Bh4 Nbd7
9.e3 Qa5 10.Qd2 b6 11.cxd5 Nxd5 12.e4 Qxc3 13.Rc1 Qxd2+ 14.Kxd2 Ne7 15.Bxe7 Kxe7
16.Rxc6 Rd8 17.Bd3 Nb8 18.Rc7+ Kf8 19.Ne2 Ba6 20.Rhc1 Bxd3 21.Kxd3 Na6 22.R7c4 e5
23.d5 Nc5+ 24.Ke3 f5 25.g3 g5 26.R1c3 g4 27.exf5 gxf3 28.Kxf3 Rxd5 29.Re3 e4+
30.Kf4 Re8 31.Rd4 Nd3+  1/2-1/2

[Event "Gyongyos op"]
[Site "Gyongyos"]
[Date "1999.??.??"]
[Round "9"]
[White "Kovacs, Tamas"]
[Black "Hajnal, Zoltan"]
[Result "0-1"]
[WhiteElo "2160"]
[BlackElo "2300"]

1.d4 Nf6 2.c4 e6 3.Nc3 Bb4 4.f3 c5 5.d5 b5 6.e4 bxc4 7.Bxc4 Nxd5 8.Bxd5 exd5
9.Qxd5 Nc6 10.Ne2 Ba6 11.Kf2 Ne7 12.Qg5 O-O 13.a3 f6 14.Qh5 Bxc3 15.Nxc3 f5
16.Bg5 Bb7 17.Qh4 Rf7 18.Rhe1 Qf8 19.Kg1 Ng6 20.Qh5 Ne5 21.Rad1 fxe4 22.fxe4 Ba6
23.Be3 Nd3 24.Rf1 Rxf1+ 25.Rxf1 Qxf1+ 26.Kxf1 Nf4+  0-1

[Event "Alfoeld Cup op"]
[Site "Hajduszoboszlo"]
[Date "1999.??.??"]
[Round "9"]
[White "Kovacs, Tamas"]
[Black "Blasko, Istvan"]
[Result "0-1"]
[WhiteElo "2145"]
[BlackElo "2195"]

1.d4 Nf6 2.c4 e6 3.Nc3 Bb4 4.f3 O-O 5.a3 Bxc3+ 6.bxc3 d5 7.e3 b6 8.Ne2 Ba6
9.cxd5 exd5 10.Ng3 Bxf1 11.Rxf1 c5 12.Kf2 Nc6 13.Kg1 Re8 14.Ra2 Na5 15.Qd3 Nb3
16.Raf2 c4 17.Qc2 h5 18.h4 Qc7 19.Nf5 g6 20.Nh6+ Kg7 21.e4 Nxc1 22.Qxc1 Qg3
23.e5 Nh7 24.Qe3 Re7 25.Qd2 Qxh4 26.g4 Ng5 27.Rh2 Qg3+ 28.Rg2 Nh3+ 29.Kh1 Qf4
30.Nf5+ gxf5 31.gxf5+ Kh6 32.Qe1 Qxf5 33.Qh4 Nf4 34.Rg4 Ng6 35.Rxg6+ Qxg6
36.Rg1 Qf5 37.Qxe7 Qh3+  0-1

[Event "HUN-chT29899"]
[Site "HUN"]
[Date "1999.??.??"]
[Round "?"]
[White "Kovacs, Tamas"]
[Black "Kormos, Lajos"]
[Result "1-0"]
[WhiteElo "2145"]
[BlackElo "2145"]

1.d4 Nf6 2.c4 e6 3.Nc3 Bb4 4.f3 O-O 5.a3 Bxc3+ 6.bxc3 h6 7.e4 d6 8.Bd3 Nbd7
9.Ne2 c5 10.O-O Qc7 11.Qe1 b6 12.Qg3 Kh8 13.Qh4 Ng8 14.g4 Ba6 15.Be3 cxd4
16.cxd4 Bxc4 17.Rac1 b5 18.g5 g6 19.gxh6 Kh7 20.Qg3 Rac8 21.Bxc4 bxc4 22.h4 Ngf6
23.Nf4 e5 24.Nh3 Nb6 25.Ng5+ Kg8 26.h7+ Nxh7 27.Nxh7 Kxh7 28.Rc2 Rh8 29.Rg2 Kg7
30.f4 Qe7 31.Rh2 Nd7 32.f5 Rcg8 33.fxg6 fxg6 34.Rg2 Qe8 35.Qg4 Rh5 36.Qxh5 Nf6
37.Qh6+ Kf7 38.Qg5 Qe7 39.Rgf2 Kg7 40.Qxf6+  1-0

[Event "HUN-chT29899"]
[Site "HUN"]
[Date "1999.??.??"]
[Round "?"]
[White "Biro, Peter"]
[Black "Szilagyi, Peter"]
[Result "0-1"]
[WhiteElo "2210"]
[BlackElo "2400"]

1.d4 Nf6 2.c4 e6 3.Nc3 Bb4 4.f3 c5 5.a3 Bxc3+ 6.bxc3 d5 7.cxd5 Nxd5 8.dxc5 Qa5
9.Qd4 O-O 10.Bd2 Nc6 11.Qf2 f5 12.g3 f4 13.gxf4 e5 14.fxe5 Bf5 15.e4 Bxe4
16.Bc4 Nxe5 17.Qd4 Bxf3 18.Bxd5+ Bxd5 19.Qxd5+ Kh8 20.Kd1 Qa4+ 21.Ke1 Rae8
22.Be3 Nc4 23.Ne2 Nxe3 24.Qxb7 Nc2+ 25.Kd2 Rd8+ 26.Nd4 Nxd4 27.cxd4 Qxd4+  0-1